书目信息 |
| 题名: |
1919年匈牙利革命
|
|
| 作者: | 汪宏玉 编著 | |
| 分册: | ||
| 出版信息: | 北京 商务印书馆 1979 |
|
| 页数: | 44页 | |
| 开本: | 19cm | |
| 丛书名: | 外国历史小丛书 | |
| 单 册: | ||
| 中图分类: | K515.42 | |
| 科图分类: | ||
| 主题词: | ||
| 电子资源: | ||
| ISBN: | ||
| 000 | 00660nam2 2200241 45 | |
| 001 | 0179006052 | |
| 005 | 20070926110841.32 | |
| 010 | @dCNY0.12 | |
| 091 | @aCN@b11017.453 | |
| 100 | @a19950725d1979 em y0chiy0121 ea | |
| 101 | 0 | @achi |
| 102 | @aCN@b110000 | |
| 105 | @ay z 000yy | |
| 200 | 10 | @a1919年匈牙利革命@A1919 nian xiong ya li ge ming@f汪宏玉编著 |
| 210 | @a北京@c商务印书馆@d1979 | |
| 215 | @a44页@d19cm | |
| 225 | 2 | @a外国历史小丛书 |
| 410 | 0 | @120010@a外国历史小丛书 |
| 607 | @a匈牙利苏维埃共和国(1919)@x史料 | |
| 690 | @aK515.42@v3 | |
| 701 | 0 | @a汪宏玉@Awang hong yu@4编著 |
| 801 | 0 | @aCN@bTSSF@c20070926 |
| 905 | @a10447@dK515.42@e4 | |
| 1919年匈牙利革命/汪宏玉编著.-北京:商务印书馆,1979 |
| 44页;19cm.-(外国历史小丛书) |
| ISBN :CNY0.12 |
| ● |
| 相关链接 |
|
|
|
|
正题名:1919年匈牙利革命
索取号:K515.42/4
 
预约/预借
| 序号 | 登录号 | 条形码 | 馆藏地/架位号 | 状态 | 备注 |
| 1 | 0609403 | 206094037 | 第二样本阅览室/ [索取号:K515.42/4] | 在馆 |